Movies Quiz

Random Movies or James Bond Quiz

Bond: Impossible Quiz Stats

 Plays Quiz Updated Mar 4, 2019

Score 0/20 Timer 05:00
4 Plays Today
% Correct
Mission: Impossible
96.1%
James Bond
95.5%
James Bond
95.3%
James Bond
95%
James Bond
94.9%
James Bond
94.2%
James Bond
91.7%
Mission: Impossible
88.7%
James Bond
88%
James Bond
86.5%
% Correct
Mission: Impossible
84.6%
Mission: Impossible
83.4%
Mission: Impossible
80.7%
Mission: Impossible
80.3%
James Bond
76.9%
Mission: Impossible
76.6%
James Bond
72.4%
Mission: Impossible
68.3%
Mission: Impossible
64.3%
Mission: Impossible
54.9%

You're not logged in!

Compare scores with friends on all Sporcle quizzes.
OR
Log In

Sporcle TV

Today on Sporcle TV


Watch our educational content, quiz creation guides, and fun videos on Sporcle TV.

Show Comments

Extras

Top Quizzes Today


Score Distribution

Your Account Isn't Verified!

In order to create a playlist on Sporcle, you need to verify the email address you used during registration. Go to your Sporcle Settings to finish the process.

Report this User

Report this user for behavior that violates our Community Guidelines.

Details: